000 00335nam a2200145 i 4500
001 bg
100 1 _aWIERZBICKI, Witold
245 0 _aMechanika budowli /
_cWitold Wierzbicki.
250 _aWyd.6 przerob.
260 _aWarszawa,
_c1961.
040 _cBPK
041 _apol
942 _cKS
008 s pl f |000 0 pol
999 _c1687
_d1687
856 _uhttp://koha.tu.koszalin.pl/cgi-bin/koha/opac-detail.pl?biblionumber=1687
_yKatalog online BPK